Sheepish Words Quiz Stats

 Plays Quiz Updated Apr 9, 2016

Also try: Words in Words
Challenge
Share
Tweet
Embed
Score 0/30 Timer 05:00
4 Plays Today
% Correct
Brewer
94.7%
Fewer
94.5%
Jewel
94.1%
Newer
94.1%
Trampoline
94%
Viewer
94%
Ceramic
93.9%
Frame
93.8%
Grammar
93.6%
Eyewear
93.6%
Tram
93.4%
Farewell
93.3%
Sewer
92.8%
Anagram
92.8%
Hologram
92.4%
% Correct
Program
92%
Flambé
91.6%
Rampage
90.6%
Paramount
90.5%
Lambda
90.5%
Diagram
89.1%
Monogram
89%
Flamboyant
88.7%
Bramble
88.6%
Clamber
88.3%
Clambake
88.3%
Macramé
87.4%
Trample
84.6%
Cramp
83.9%
Lambaste
80%

You're not logged in!

Compare scores with friends on all Sporcle quizzes.
OR
Log In

You Might Also Like...

Show Comments

Extras

Top Quizzes Today


Score Distribution

Your Account Isn't Verified!

In order to create a playlist on Sporcle, you need to verify the email address you used during registration. Go to your Sporcle Settings to finish the process.

Report this User

Report this user for behavior that violates our Community Guidelines.

Details: